000 00967nam a2200265Ia 4500
003 OSt
005 20221005104247.0
006 a|||||r|||| 00| 0
007 ta
008 221004b |||||||| |||| 00| 0 hin d
020 _a9788123026787 (pbk)
_cINR 295.00
024 _a43311
037 _b319, 11/03/2019, Eastern Book Linkers
_cTextual
040 _aCRL
_cCRL
_bhin
041 _2hin
_ahin
082 _aO152,3(V2:91), Q7
245 0 _aमतदान में विश्वास
246 _aMatadān mean vishvāsa
260 _aदिल्ली
_bप्रकाशन विभाग सूचना और प्रसारण मंत्रालय भारत
_c2017
300 _a238पृ0
_ccm.
650 _a हिन्दी साहित्य
650 _aहिन्दी कहानी
942 _hO152,3(V2:91), Q7
_cTEXL
_2cc
999 _c1012182
_d1012182